000 01139nam a2200241Ia 4500
003 OSt
005 20201013164634.0
008 191128s1987 ck gr 000 0dspa d
020 _a9581700234
040 _aCO-JMCR
_cCO-JMCR
041 0 _aspa
082 0 4 _a980.02 /
_bL951h
_223
100 1 _aLynch, John,
_eautor
_911444
245 1 0 _aHispanoamérica 1750-1850 :
_bensayos sobre la Sociedad y el Estado /
_cJohn Lynch ; traducción, Magdalena Holguín
250 _a1a. edición
260 _aBogotá :
_bUniversidad Nacional de Colombia,
_c1987
300 _a128 páginas ;
_c20 cm.
500 _aIncluye notas a pie de página y datos biográficos del autor en contraportada.
505 0 _aLas reformas borbónicas y la reacción en Hispanoamérica 1765-1810 -- Ensayo bibliográfico -- El pensamiento político de la ilustración y su influencia en la independencia hispanoamericana -- Los caudillos de la independencia: enemigos y agentes del Estado Na
651 4 _aAmérica Latina
_vensayos, conferencias, etc.
_xpolítica y Gobierno
_y1750-1850
_911445
700 1 _aHolguín Magdalena,
_etraductora
_96757
942 _2ddc
_cBK
999 _c6259
_d6259